000 00928nac a22002771i 4500
003 EG-ScBUE
005 20240910102007.0
008 240910t2004 njua f b 001 0 eng d
020 _a0131001191
020 _a9780131001190
040 _aEG-ScBUE
_beng
_erda
_cEG-ScBUE
_dEG-ScBUE
082 0 4 _a511
_bBRU
_222
100 1 _aBrualdi, Richard A.,
_eauthor.
245 1 0 _aIntroductory combinatorics /
_cRichard A. Brualdi, University of Wisconsin-Madison.
250 _aFourth edition.
264 1 _aUpper Saddle River, N.J. :
_bPearson/Prentice Hall,
_c[2004]
264 4 _cc2004
300 _aix, 630 pages :
_billustrations ;
_c24 cm
336 _2rdacontent
_atext
_btxt
337 _aunmediated
_2rdamedia
_bn
338 _avolume
_bnc
_2rdacarrier
504 _aIncludes bibliographical references and index.
650 7 _aCombinatorial analysis
_vTextbooks.
_2BUEsh
655 _vReading book
942 _cBB
_2ddc
999 _c2045
_d2045